000 00432nam a22001577a 4500
003 OSt
005 20211228141820.0
008 211228b |||||||| |||| 00| 0 eng d
040 _cHU
082 _a370.19346095475 HER1979
100 _a Heredero, J. M.
_925761
245 _a Rural development and social change :
_ban experiment in non-formal education
260 _c1979
300 _a185
_bHC
_c23cm
942 _2ddc
_cBOOKS
_n0
999 _c24649
_d24649